| 000 | 00717nam a2200205Ia 4500 | ||
|---|---|---|---|
| 003 | OSt | ||
| 005 | 20260619123408.0 | ||
| 008 | 210210b1999 xxu||||| |||| 00| 0 eng d | ||
| 040 | _cAL | ||
| 041 | _aKannada | ||
| 082 | _a398.2K PALS | ||
| 100 |
_aPALTADI RAMAKRASHNA ACHAR. _d ಪಾಲ್ತಾಡಿ ರಾಮಕೃಷ್ಣ ಆಚಾರ್ _9265753 |
||
| 245 |
_aSamvahana madhyamavagi janapada kunitagalu. _bಸಂವಹನ ಮಾಧ್ಯಮವಾಗಿ ಜನಪದ ಕುಣಿತಗಳು |
||
| 260 |
_aMangalagangothri _bPrasaranga _c1999 |
||
| 300 | _a88 | ||
| 650 |
_aDances kunitagalu Mangala pracharopanyasa malike 23 _9265754 |
||
| 690 |
_aFolklore _9265755 |
||
| 906 | _a058768 | ||
| 942 |
_2ddc _cBK |
||
| 999 |
_c105890 _d105890 |
||